História de fantasma (Record no. 186685)

MARC details
000 -LÍDER
campo de controle de tamanho fixo 00360 a2200169 4500
001 - NÚMERO DE CONTROLE
campo de controle 186685
020 ## - ISBN - INTERNATIONAL STANDARD BOOK NUMBER
ISBN - International Standard Book Number 85-08-03027-4
040 ## - FONTE DA CATALOGAÇÃO
Instituição que transcreveu o registro Magnum
100 ## - ENTRADA PRINCIPAL--NOME PESSOAL
Nome pessoal Belinky, Tatiana
240 10 - TÍTULO UNIFORME
Título uniforme História de fantasma
Idioma da obra por
245 10 - TÍTULO
Título História de fantasma
300 ## - DESCRIÇÃO FÍSICA
Extensão 24
362 0# - DATAS DE PUBLICAÇÃO E/OU DESIGNAÇÃO SEQUENCIAL
Datas de publicação e/ou designação sequencial 1998
440 #1 - DECLARAÇÃO DE SÉRIE/ENTRADA ADICIONADA--TÍTULO
Título Ática
697 ## - ENTRADA DE ASSUNTO LOCAL--ENTIDADE COLETIVA (RLIN)
Nome corporativo ou nome da jurisdição LITERATURA INFANTO
942 ## - ELEMENTOS DE ENTRADA ADICIONADOS (KOHA)
Tipo de material Koha Livros
Holdings
Situação do descarte Situação das perdas Situação física Não pode ser emprestado Biblioteca de origem Biblioteca atual Data de aquisição Total de empréstimos Número de chamada completo Código de barras Data de último acesso Data do preço efetivo Tipo de material Koha
        Magnum Magnum 08/06/2024   869.1.263 MAG00054763 08/06/2024 08/06/2024 Livros
        Magnum Magnum 08/06/2024   869.1.263 MAG00054764 08/06/2024 08/06/2024 Livros
        Magnum Magnum 08/06/2024   869.1.263 MAG00054765 08/06/2024 08/06/2024 Livros
        Magnum Magnum 08/06/2024   869.1.263 MAG00054766 08/06/2024 08/06/2024 Livros
        Magnum Magnum 08/06/2024   869.1.263 MAG00054767 08/06/2024 08/06/2024 Livros